صناعة الجبر لديوفنطس الاسكندرانى / (Record no. 12700)
[ view plain ]
| 000 -الفاتح | |
|---|---|
| حقل البيانات ثابتة الطول | 00808nam a22002057a 4500 |
| 008 - عناصر البيانات ثابتة الطول - معلومات عامة | |
| حقل البيانات ثابتة الطول | 090826s1975 ua ||||gr|||| 00| u ara d |
| 082 ## - رقم تصنيف ديوى العشرى | |
| رقم الطبعة | 22 |
| رقم التصنيف | 510 |
| رقم المادة | ل و ق |
| 100 ## - المدخل الرئيسى - إسم شخصى | |
| 9 (RLIN) | 8646 |
| الإسم الشخصى | ديوفنطس |
| 245 ## - بيان العنوان | |
| العنوان | صناعة الجبر لديوفنطس الاسكندرانى / |
| بيان المسئوليه,etc | ترجمة قسطا بن لوقا؛ حققه وقدم له رشدى راشد |
| 260 ## - PUBLICATION, DISTRIBUTION, ETC. (IMPRINT) | |
| مكان الناشر او الموزع | القاهرة : |
| اسم الناشر او الموزع | الهيئة المصرية العامة للكتاب؛ |
| تاريخ النشر أو التوزيع | 1975 |
| 300 ## - الوصف المادى | |
| التعداد | 161؛ص |
| أبعاد الوعاء | 24 سم |
| 336 ## - نوع المحتوى | |
| source | rdacontent |
| Carrier Type Term | نص |
| Content Type Code | txt |
| 337 ## - نوع الوسيط | |
| Media Type Term | بدون وسيط |
| source | rdamedia |
| Media Type Code | n |
| 338 ## - نوع الحامل أو الناقل | |
| Carrier Type Term | مجلد |
| Carrier Type Code | nc |
| source | rdacarrier |
| 490 ## - بيان السلسلة | |
| الرابط | التراث العلمى العربى |
| 650 ## - المدخل الاضافى بالموضوع-مصطلح موضوعى | |
| 9 (RLIN) | 8640 |
| مصطلح موضوعي أو اسم جغرافي كعنصر مدخل | الرياضيات |
| 650 ## - المدخل الاضافى بالموضوع-مصطلح موضوعى | |
| 9 (RLIN) | 8640 |
| مصطلح موضوعي أو اسم جغرافي كعنصر مدخل | الرياضيات |
| 650 ## - المدخل الاضافى بالموضوع-مصطلح موضوعى | |
| 9 (RLIN) | 8645 |
| مصطلح موضوعي أو اسم جغرافي كعنصر مدخل | ديوفنطس |
| 942 ## - عناصر المدخل الإضافي( كوها) | |
| مصدر التصنيف او مخطط الترفيف | Dewey Decimal Classification |
| Koha [default] item type | Book - Borrowing |
| جزء التصنيف | RDA-MOD |
| حالة التراجع | حالة الفقد | مصدر التصنيف او خطة الترفيف | حالة تلف | ليس للاعارة | مجموعات كوها | المكان الدائم | المكان الحالي | موقع الترفيف | تاريخ الاكتساب | Source of acquisition | رقم الاستدعاء | الباركود | Date last seen | نوع الوعاء |
|---|---|---|---|---|---|---|---|---|---|---|---|---|---|---|
| Dewey Decimal Classification | Alef-Baa | Central Library | Central Library | First floor | 26/08/2009 | 510 ديو | 000018147 | 15/07/2025 | Book - Borrowing |